Staatennachfolge und Archive mit besonderer Berücksichtigung der archivbezogenen Regelungen der Wiener Konvention vom 8. April 1983 über Staatennachfolge in Vermögen, Archive und Schulden von Staaten

Titel: Staatennachfolge und Archive mit besonderer Berücksichtigung der archivbezogenen Regelungen der Wiener Konvention vom 8. April 1983 über Staatennachfolge in Vermögen, Archive und Schulden von Staaten
Verfasser:
In: Archivalische Zeitschrift, Band 85 (2003), Seite 9-84
alle Artikel anzeigen
Veröffentlicht: 2003
Format: Aufsatz
Sprache: Deutsch
Kein Bild verfügbar
X
alg: 39267241
001A    $01999:11-11-16 
001B    $01999:06-04-21 $t20:51:33.000 
001C    $06050:19-11-16 $t08:46:13.000 
001D    $01999:11-11-16 
001U    $0utf8 
001X    $00 
002@    $0Aox 
003@    $0392672413 
007A    $0392672413 $aHEB 
007T    $0Herd54934 
010@    $ager 
011@    $a2003 
021A    $aStaatennachfolge und Archive mit besonderer Berücksichtigung der archivbezogenen Regelungen der Wiener Konvention vom 8. April 1983 über Staatennachfolge in Vermögen, Archive und Schulden von Staaten 
028A    $aSilagi $dMichael 
031A    $d85 $h9-84 $j2003 
037A    $aBetr. u.a. die ČSFR (69f.) und ostdeutsches Archivgut (74-84) 
037A    $aengl. Res., 349; frz. res., 354 
039B    $aIn $8--Abvc--. Archivalische Zeitschrift. - Köln : Böhlau, 1876-. - ISSN 0003-9497 $x200300000850000991 $9047256281 
045F    $a907.2094371 $eDDC23BSB 
045F/01 $a907.2 
045F/03 $g4371 
045F/03 $g4373 
045F/03 $g438 
045T    $a8 

lok: 39267241 78

exp: 39267241 78 1 #EPN
201B/01 $026-11-17 $t01:13:06.000 
201U/01 $0utf8 
203@/01 $0788771752 
208@/01 $a11-11-16 $be 
209A/01 $a/ $f000 $x00 
220C/01 $aTitelaufnehmer: nk;pg 
244Z/01 $#Tschechien $#Tschechische Republik $#Tschechische Republik $#Tschechenland $#Tschechei Tschechien $#Česká Republika $#Czech Republic $#ČR $74303381-7 $8--Tg1--Tschechien $x01 $9086659812 
244Z/01 $2Trx $#Böhmen $#Bohemia $#Czechy $8--Trx--Čechy $x02 $9391188941 
244Z/01 $2Trx $#Slowakische Republik $#Szlovák Köztársaság $#Republika Słowacka $#Slovenská Republika $#Slovensko $#Slowakei $#Słowacja $#Slovensko $8--Trx--Slovenská Republika $x03 $9391345796 
244Z/01 $2Trx $#Prusy Wschodnie i Zachodnie $8--Trx--Ost- und Westpreußen $x04 $939113373X 
244Z/01 $2Trx $#Pomeranija $#Pommern $#Pomoransko $#Pomořansko $#Hinterpommern;Vorpommern;Mittelpommern $#Pomorze Środkowe;Pomorze Przednie $#Pomořansko;Západní Pomořany; Pomořany $8--Trx--Pomorze Zachodnie $x05 $9391303775 
244Z/01 $2Trx $#Poola $#Lenkija $#Polija $#Polen Land $#Poland $#Lengyelország $#Poľsko $#Polsko $8--Trx--Polska$gkraj $x06 $9391345966 
244Z/01 $aGeschichte 1945 $x07 
244Z/01 $2Trx $#arhiivi olemus $#archyvistika $#archivistics $#levéltári dolog $#archiwistyka $#archívnictvo $#archivnictví $8--Trx--Archivwesen $x08 $939135406X 
244Z/01 $2Trx $#kirikuraamatud $#parapijų knygos $#Church registries $#egyházi anyakönyvek $#księgi parafialne $#matriky cirkevné $#matriky církevní $#Taufregister $#Trauregister $#Sterberegister $#księgi metrykalne $#rejestry ślubów $#księgi zgonów $#matriky krstov $#sobášne matriky $#matriky úmrtné $#matriky, křty $#matriky, sňatky $#matriky, úmrtní $8--Trx--Kirchenbücher $x09 $9391369105 
244Z/01 $2Trx $8--Trx--Zeitschriftenaufsatz $x10 $9391384341 
245Z/01 $a04.02 $x01 
247C/01 $82080>Marburg/Lahn, Herder-Institut, Forschungsbibliothek, Bibliographieportal $9336309341
LEADER 00000caa a22000002c 4500
001 392672413
003 DE-603
005 20210406205133.0
007 tu
008 161111s2003 xx |||| | u00||u|ger c
035 |a (DE-599)HEB392672413 
040 |a DE-603  |b ger  |c DE-603  |d DE-603 
041 |a ger 
082 0 4 |8 1\u  |a 907.2094371  |q DE-101  |2 23/BSB 
084 |a 8  |2 ssgn 
085 |8 1\u  |b 907.2 
085 |8 1\u  |z 2  |s 4371 
085 |8 1\u  |z 2  |s 4373 
085 |8 1\u  |z 2  |s 438 
100 1 |a Silagi, Michael 
245 0 0 |a Staatennachfolge und Archive mit besonderer Berücksichtigung der archivbezogenen Regelungen der Wiener Konvention vom 8. April 1983 über Staatennachfolge in Vermögen, Archive und Schulden von Staaten 
264 0 |c 2003 
500 |a Betr. u.a. die ČSFR (69f.) und ostdeutsches Archivgut (74-84) 
500 |a engl. Res., 349; frz. res., 354 
773 0 8 |i In  |t Archivalische Zeitschrift  |d Köln : Böhlau, 1876-  |x 0003-9497  |g Band 85 (2003), Seite 9-84  |w (DE-603)047256281  |w (DE-600)201051-3 
924 0 |9 2080  |a (DE-603)788771752  |b DE-2080  |c HES  |d d  |g /